[Event "Veteran-SM"]
[Site "Umeå, Sweden"]
[Date "2003.07.10"]
[Round "5"]
[White "Schön, Stig"]
[Black "Marklund, Egon"]
[Result "1/2-1/2"]
[WhiteElo "2005"]
[BlackElo "2006"]
[PlyCount "35"]
[EventDate "2003.07.06"]
[SourceDate "2003.07.06"]

1. d4 c6 2. c4 Nf6 3. Nc3 d5 4. Bg5 e6 5. e3 Nbd7 6. cxd5 exd5 7. Qc2 Be7 8.
Bd3 O-O 9. Nge2 h6 10. h4 Re8 11. O-O-O b5 12. Nf4 Nf8 13. Bxf6 Bxf6 14. g3 Bg4
15. Be2 Qd7 16. Bxg4 Qxg4 17. Qe2 Qxe2 18. Ncxe2 1/2-1/2

[Event "Veteran-SM"]
[Site "Umeå, Sweden"]
[Date "2003.07.10"]
[Round "5"]
[White "Jiretorn, Ingvar"]
[Black "Aldobasic, Ramiz"]
[Result "0-1"]
[WhiteElo "1948"]
[BlackElo "2106"]
[PlyCount "98"]
[EventDate "2003.07.06"]
[SourceDate "2003.07.06"]

1. Nf3 d5 2. c4 e6 3. g3 Nf6 4. Bg2 Nbd7 5. b3 b6 6. Bb2 Ba6 7. d3 Rc8 8. O-O
Bd6 9. Nbd2 c6 10. e4 e5 11. exd5 cxd5 12. Re1 O-O 13. Nxe5 Bxe5 14. Bxe5 Nc5
15. Nf1 Re8 16. Bh3 Nfd7 17. d4 Ne4 18. cxd5 Nc3 19. Qg4 Nxe5 20. dxe5 Qxd5 21.
e6 fxe6 22. Ne3 Qd2 23. Nc4 Bxc4 24. bxc4 Rc6 25. Qf3 Rd6 26. Qe3 Qxe3 27. Rxe3
Na4 28. f4 Nc5 29. Rae1 Rd2 30. a3 Ra2 31. f5 e5 32. g4 h6 33. Bg2 Kf7 34. Bd5+
Kf6 35. h4 Rd2 36. Rg3 e4 37. Rf1 Ke5 38. g5 Rf8 39. gxh6 gxh6 40. Rg6 Rxf5 41.
Rxf5+ Kxf5 42. Rxh6 e3 43. Bf3 Kf4 44. Bh5 e2 45. Bxe2 Rxe2 46. Rh8 Kg3 47. Kf1
Re4 48. h5 Nd3 49. Rg8+ Kh3 0-1

[Event "Veteran-SM"]
[Site "Umeå, Sweden"]
[Date "2003.07.10"]
[Round "5"]
[White "Andersson, Bengt"]
[Black "Wiklund, Björn"]
[Result "1/2-1/2"]
[WhiteElo "1945"]
[BlackElo "1948"]
[PlyCount "54"]
[EventDate "2003.07.06"]
[SourceDate "2003.07.06"]

1. Nf3 Nf6 2. b3 g6 3. Bb2 Bg7 4. e3 O-O 5. Be2 b6 6. d4 Bb7 7. Nbd2 d6 8. O-O
Nbd7 9. c4 c5 10. Qc2 Rc8 11. Rac1 b5 12. Qb1 b4 13. Rcd1 Qc7 14. Rfe1 e5 15.
d5 Ra8 16. Qc2 a5 17. a4 bxa3 18. Bxa3 Nb8 19. Nb1 Bc8 20. Nc3 Na6 21. Ra1 Bd7
22. e4 Nb4 23. Bxb4 cxb4 24. Na4 Bxa4 25. Rxa4 Nd7 26. Raa1 Nc5 27. Reb1 Rfb8
1/2-1/2

[Event "Veteran-SM"]
[Site "Umeå, Sweden"]
[Date "2003.07.10"]
[Round "5"]
[White "Westin, Bertil"]
[Black "Johansson, Per"]
[Result "1/2-1/2"]
[WhiteElo "1937"]
[BlackElo "2000"]
[PlyCount "40"]
[EventDate "2003.07.06"]
[SourceDate "2003.07.06"]

1. d4 d5 2. c4 c6 3. Nf3 Nf6 4. Nc3 dxc4 5. a4 Bf5 6. e3 e6 7. Bxc4 Bb4 8. O-O
Nbd7 9. Qe2 Bg4 10. e4 O-O 11. Rd1 Qa5 12. h3 Bxf3 13. Qxf3 e5 14. d5 cxd5 15.
Nxd5 Nxd5 16. Rxd5 Qc7 17. Bf1 Nf6 18. Rd1 Qc6 19. Bd3 Bc5 20. Bg5 Bd4 1/2-1/2

[Event "Veteran-SM"]
[Site "Umeå, Sweden"]
[Date "2003.07.10"]
[Round "5"]
[White "Lundquist, Rolf"]
[Black "Carlberg, Gunnar"]
[Result "1/2-1/2"]
[WhiteElo "255"]
[BlackElo "2125"]
[PlyCount "76"]
[EventDate "2003.07.06"]
[SourceDate "2003.07.06"]

1. e4 c5 2. Nc3 Nc6 3. Bb5 g6 4. Bxc6 dxc6 5. d3 Bg7 6. Be3 b6 7. f4 Nf6 8. Nf3
O-O 9. h3 Qc7 10. Qd2 Rd8 11. g4 a5 12. Qf2 Ra6 13. a4 Bd7 14. O-O Be8 15. Rad1
Raa8 16. Rd2 Rac8 17. Kg2 Qb8 18. Ne5 Nd7 19. Nxd7 Rxd7 20. Re2 Bd4 21. Nd1
Rcd8 22. Qf3 b5 23. Bxd4 Rxd4 24. axb5 cxb5 25. Ne3 Qd6 26. b3 a4 27. bxa4 Rxa4
28. f5 Qe5 29. fxg6 hxg6 30. h4 Rda8 31. g5 Ra1 32. Ref2 Rxf1 33. Rxf1 Ra2 34.
Rf2 Kg7 35. Ng4 Qc3 36. Ne3 Qe5 37. Ng4 Qc3 38. Ne3 Qe5 1/2-1/2

[Event "Veteran-SM"]
[Site "Umeå, Sweden"]
[Date "2003.07.10"]
[Round "5"]
[White "Söderborg, Berndt"]
[Black "Nyström, Ragnar"]
[Result "1-0"]
[WhiteElo "2049"]
[BlackElo "2035"]
[PlyCount "91"]
[EventDate "2003.07.06"]
[SourceDate "2003.07.06"]

1. e4 e6 2. d4 d5 3. Nd2 Nf6 4. e5 Nfd7 5. Bd3 c5 6. c3 Nc6 7. Ndf3 Qb6 8. Ne2
cxd4 9. cxd4 f6 10. exf6 Nxf6 11. O-O Bd6 12. Re1 O-O 13. h3 Bd7 14. Nc3 Rae8
15. Rb1 Kh8 16. Be3 Re7 17. Ne5 Be8 18. Bc2 a6 19. a3 Qc7 20. f4 b5 21. Rc1 Qb8
22. Bb1 Na5 23. Rc2 b4 24. axb4 Bxb4 25. Rf2 Rc7 26. f5 exf5 27. Rxf5 Qc8 28.
Ref1 Bb5 29. Nxb5 axb5 30. Bg5 Ne4 31. Rxf8+ Bxf8 32. Qf3 Bb4 33. Bxe4 dxe4 34.
Qxe4 h6 35. Bf4 Ra7 36. Qg6 Ra6 37. Nf7+ Kg8 38. Nxh6+ Kh8 39. Nf7+ Kg8 40. Qh5
Qc2 41. Be5 Qh7 42. Qf3 Qg6 43. Qd5 Nc6 44. Nh6+ Kh7 45. Qg8+ Kxh6 46. Bf4+ 1-0

[Event "Veteran-SM"]
[Site "Umeå, Sweden"]
[Date "2003.07.10"]
[Round "5"]
[White "Sandklef, Åke"]
[Black "Agrest, Roman"]
[Result "1/2-1/2"]
[WhiteElo "1891"]
[BlackElo "2004"]
[PlyCount "136"]
[EventDate "2003.07.06"]
[SourceDate "2003.07.06"]

1. d4 b5 2. e4 Bb7 3. Bd3 e6 4. f3 a6 5. Be3 Nf6 6. Ne2 d6 7. a4 c6 8. Nd2 Nbd7
9. O-O Be7 10. Nb3 O-O 11. Qd2 Rc8 12. axb5 axb5 13. c3 Qb6 14. Bc2 c5 15. Ng3
Qc7 16. Rfc1 Ra8 17. Qe2 Rfb8 18. f4 g6 19. Rxa8 Bxa8 20. f5 exf5 21. exf5 Bf8
22. fxg6 fxg6 23. Bg5 Bg7 24. Qe6+ Kh8 25. Rf1 Re8 26. Qh3 Kg8 27. Qh4 Qc6 28.
Qh3 Qd5 29. Bf4 Nf8 30. Nd2 Kh8 31. Nf3 Bb7 32. Rd1 c4 33. Re1 Rxe1+ 34. Nxe1
b4 35. Qh4 b3 36. Bd1 Qe6 37. Bd2 N8d7 38. Qg5 Bc6 39. Kf1 Nf8 40. Qf4 h6 41.
h3 N8d7 42. Be2 Nb6 43. Qe3 Qxe3 44. Bxe3 Kg8 45. Nf3 Kf7 46. Bf4 Ke6 47. Nd2
Bd5 48. Kf2 Kd7 49. Ngf1 g5 50. Bh2 Be6 51. Ne3 d5 52. Be5 Kc6 53. Bf3 Kd7 54.
Ndf1 Ne8 55. Bxg7 Nxg7 56. g4 Kd6 57. Ke1 Na4 58. Nd1 Ne8 59. Nfe3 Nf6 60. Kd2
Nb6 61. Nf2 Nbd7 62. Nh1 Ng8 63. Ng3 Ndf6 64. Bg2 Ke7 65. Nef1 Kf7 66. Nh2 Kg6
67. Nf3 Nd7 68. Ke3 Ngf6 1/2-1/2

[Event "Veteran-SM"]
[Site "Umeå, Sweden"]
[Date "2003.07.11"]
[Round "6"]
[White "Andersson, Bengt"]
[Black "Jiretorn, Ingvar"]
[Result "1-0"]
[WhiteElo "1945"]
[BlackElo "1948"]
[PlyCount "83"]
[EventDate "2003.07.06"]
[SourceDate "2003.07.06"]

1. Nf3 g6 2. b3 Bg7 3. d4 c5 4. Bb2 Nc6 5. e3 e6 6. Be2 Nge7 7. O-O O-O 8. c4
d5 9. cxd5 Nxd5 10. Qd2 cxd4 11. Nxd4 Nxd4 12. Bxd4 Bxd4 13. Qxd4 Nb6 14. Rd1
Qxd4 15. Rxd4 e5 16. Rd2 f5 17. Na3 Be6 18. Rad1 Rf7 19. Rd6 Re7 20. h3 Rae8
21. Nb5 Nc8 22. Rxe6 Rxe6 23. Nc7 Kf8 24. Nxe8 Rxe8 25. Bb5 Nb6 26. Bxe8 Kxe8
27. Kf1 Ke7 28. Ke2 g5 29. f3 h5 30. a4 Ke6 31. Rc1 Nd5 32. g3 a6 33. Rc8 f4
34. gxf4 exf4 35. e4 Nf6 36. Rb8 g4 37. hxg4 hxg4 38. fxg4 b5 39. Rb6+ Ke5 40.
Rxf6 Kxf6 41. a5 Ke5 42. Kf3 1-0

[Event "Veteran-SM"]
[Site "Umeå, Sweden"]
[Date "2003.07.11"]
[Round "6"]
[White "Wiklund, Björn"]
[Black "Johansson, Per"]
[Result "1/2-1/2"]
[WhiteElo "1948"]
[BlackElo "2000"]
[PlyCount "48"]
[EventDate "2003.07.06"]
[SourceDate "2003.07.06"]

1. e4 c6 2. d4 d5 3. Nc3 dxe4 4. Nxe4 Nf6 5. Nxf6+ gxf6 6. c3 Bf5 7. Bd3 Bg6 8.
Nf3 e6 9. Bxg6 hxg6 10. Qb3 Qb6 11. Be3 Nd7 12. O-O-O Qxb3 13. axb3 Bh6 14. Kc2
Nb6 15. c4 Bxe3 16. fxe3 Kf8 17. e4 Kg7 18. h4 Rad8 19. g4 a6 20. e5 Nd7 21. b4
fxe5 22. dxe5 Nb6 23. b3 Rxd1 24. Rxd1 f5 1/2-1/2

[Event "Veteran-SM"]
[Site "Umeå, Sweden"]
[Date "2003.07.11"]
[Round "6"]
[White "Nyström, Ragnar"]
[Black "Lundquist, Rolf"]
[Result "1/2-1/2"]
[WhiteElo "2035"]
[BlackElo "2055"]
[PlyCount "46"]
[EventDate "2003.07.06"]
[SourceDate "2003.07.06"]

1. d4 d5 2. c4 c6 3. Nf3 Nf6 4. Nc3 a6 5. cxd5 cxd5 6. g3 Nc6 7. Bg2 e6 8. O-O
Bd6 9. a3 Bd7 10. b4 b5 11. Qd3 Rc8 12. Bd2 h6 13. Rfd1 O-O 14. h3 Qc7 15. Rac1
Qb8 16. Re1 Ne7 17. Rcd1 Bc6 18. Nh2 Rfd8 19. Ng4 Nxg4 20. hxg4 Qc7 21. Kh2 e5
22. e3 e4 23. Qe2 g5 1/2-1/2

[Event "Veteran-SM"]
[Site "Umeå, Sweden"]
[Date "2003.07.11"]
[Round "6"]
[White "Carlberg, Gunnar"]
[Black "Schön, Stig"]
[Result "1-0"]
[WhiteElo "2125"]
[BlackElo "2005"]
[PlyCount "62"]
[EventDate "2003.07.06"]
[SourceDate "2003.07.06"]

1. f4 d5 2. g3 c5 3. Bg2 Nf6 4. Nf3 Nc6 5. O-O e6 6. d3 Bd6 7. c3 O-O 8. Na3 b6
9. Re1 e5 10. e4 dxe4 11. dxe4 Ba6 12. Qa4 Bb7 13. Nc4 Qe7 14. Nh4 g6 15. f5
Kg7 16. Rf1 h6 17. fxg6 fxg6 18. Bd2 Qe6 19. Rad1 Bc7 20. Ne3 Ne7 21. Qc2 b5
22. h3 c4 23. Kh2 Bb6 24. Rxf6 Rxf6 25. Ng4 Ng8 26. Qc1 h5 27. Nxf6 Nxf6 28.
Bh6+ Kh7 29. Nxg6 Bxe4 30. Nf8+ Rxf8 31. Bxf8 Bxg2 1-0

[Event "Veteran-SM"]
[Site "Umeå, Sweden"]
[Date "2003.07.11"]
[Round "6"]
[White "Westin, Bertil"]
[Black "Sandklef, Åke"]
[Result "1/2-1/2"]
[WhiteElo "1937"]
[BlackElo "1891"]
[PlyCount "96"]
[EventDate "2003.07.06"]
[SourceDate "2003.07.06"]

1. e4 e6 2. d4 d5 3. Nc3 Bb4 4. e5 c5 5. a3 Bxc3+ 6. bxc3 Ne7 7. Nf3 Nbc6 8. a4
Qa5 9. Bd2 c4 10. Be2 O-O 11. O-O f6 12. exf6 gxf6 13. Re1 Ng6 14. Bf1 Bd7 15.
g3 Qc7 16. h4 Rfe8 17. h5 Nf8 18. Bf4 e5 19. dxe5 fxe5 20. Nxe5 Rxe5 21. Rxe5
Nxe5 22. Qxd5+ Be6 23. Qxe5 Qxe5 24. Bxe5 Rd8 25. Rb1 b6 26. Bd4 Bd5 27. Rb5
Ne6 28. Be3 Kf7 29. Be2 Ke8 30. Rb1 Rc8 31. a5 bxa5 32. Rb5 Nc7 33. Rxa5 Rb8
34. f3 a6 35. Bf4 Rb1+ 36. Kf2 Nb5 37. Be5 Rc1 38. Rxa6 Rxc2 39. Rh6 Bg8 40.
Rb6 Nxc3 41. Rb8+ Kf7 42. Bxc3 Rxc3 43. Rc8 Kg7 44. h6+ Kh8 45. f4 Rc1 46. f5
Ra1 47. Bxc4 Rf1+ 48. Ke2 Rf2+ 1/2-1/2

[Event "Veteran-SM"]
[Site "Umeå, Sweden"]
[Date "2003.07.11"]
[Round "6"]
[White "Agrest, Roman"]
[Black "Aldobasic, Ramiz"]
[Result "1-0"]
[WhiteElo "2004"]
[BlackElo "2106"]
[PlyCount "69"]
[EventDate "2003.07.06"]
[SourceDate "2003.07.06"]

1. b4 e5 2. Bb2 d6 3. e3 Nf6 4. c4 Be7 5. Nf3 O-O 6. Be2 b6 7. O-O Bb7 8. Nc3
Nbd7 9. Qc2 h6 10. a3 Re8 11. d4 e4 12. Nd2 Bf8 13. f3 exf3 14. Bxf3 Bxf3 15.
Rxf3 Ng4 16. Nf1 Ngf6 17. Ng3 c5 18. Raf1 Rc8 19. bxc5 dxc5 20. Nce4 Nxe4 21.
Nxe4 f6 22. d5 Qe7 23. Nf2 Ne5 24. Rg3 Kh8 25. Nh3 g5 26. Nf2 Qh7 27. Qxh7+
Kxh7 28. Bxe5 fxe5 29. Ne4 Re7 30. Rgf3 Bg7 31. d6 Rb7 32. Rf7 Rcb8 33. Rc7 Kg8
34. Rff7 Rxc7 35. dxc7 1-0

[Event "Veteran-SM"]
[Site "Umeå, Sweden"]
[Date "2003.07.11"]
[Round "6"]
[White "Söderborg, Berndt"]
[Black "Marklund, Egon"]
[Result "1-0"]
[WhiteElo "2049"]
[BlackElo "2006"]
[PlyCount "95"]
[EventDate "2003.07.06"]
[SourceDate "2003.07.06"]

1. e4 c6 2. d4 d5 3. e5 c5 4. c3 e6 5. Nf3 Nc6 6. Bd3 Bd7 7. O-O a6 8. dxc5
Bxc5 9. Nbd2 Nge7 10. Nb3 Ba7 11. Re1 Ng6 12. Nbd4 Qc7 13. Qe2 Bb8 14. Nxc6
bxc6 15. g3 c5 16. h4 Qb7 17. h5 Ne7 18. h6 Bb5 19. hxg7 Rg8 20. c4 Bxc4 21.
Bxc4 dxc4 22. Ng5 Ng6 23. f4 Rxg7 24. Qxc4 Ne7 25. Qe4 Qxe4 26. Nxe4 Nd5 27.
Kf2 Ba7 28. Kf3 Kd7 29. Be3 Kc6 30. Bxc5 Bxc5 31. Rac1 Kb6 32. Nxc5 Rgg8 33. a3
a5 34. Ne4 Rad8 35. Rc4 Rc8 36. Rec1 Rxc4 37. Rxc4 h5 38. Rc2 Rh8 39. Ng5 f6
40. exf6 Nxf6 41. Re2 Kb5 42. Rxe6 Ng4 43. Nf7 Rb8 44. Ne5 Rg8 45. Nxg4 hxg4+
46. Ke4 Ka4 47. Kf5 Rb8 48. b4 1-0

[Event "Veteran-SM"]
[Site "Umeå, Sweden"]
[Date "2003.07.12"]
[Round "7"]
[White "Jiretorn, Ingvar"]
[Black "Wiklund, Björn"]
[Result "1-0"]
[WhiteElo "1948"]
[BlackElo "1948"]
[PlyCount "121"]
[EventDate "2003.07.06"]
[SourceDate "2003.07.06"]

1. Nf3 Nf6 2. c4 g6 3. Nc3 Bg7 4. d4 d6 5. b4 O-O 6. Bb2 Nbd7 7. e4 e5 8. d5
Ne8 9. Be2 f5 10. O-O f4 11. Kh1 g5 12. g4 h6 13. Nd2 Ndf6 14. f3 Qe7 15. h3 b6
16. Kg2 Nh7 17. Qe1 Bd7 18. Qf2 Nef6 19. Nb3 a5 20. a3 axb4 21. axb4 Rfb8 22.
Rfb1 Qd8 23. Rxa8 Rxa8 24. c5 Ba4 25. Nxa4 Rxa4 26. Qe1 Bf8 27. Bb5 Ra7 28. c6
Be7 29. Nc1 Nf8 30. Ne2 Ng6 31. Nc3 h5 32. Ra1 Qa8 33. Ba4 Qb8 34. Qd1 Kg7 35.
Qf1 Ra8 36. Bb5 hxg4 37. hxg4 Qh8 38. Qh1 Rxa1 39. Qxh8+ Kxh8 40. Bxa1 Bd8 41.
Ba6 Ne7 42. Kf2 Nh7 43. Bb2 Nf6 44. Nb5 Kg7 45. Na7 Kf7 46. Bc3 Ne8 47. Be1 Ng7
48. Ke2 Ng6 49. Bf2 Nh4 50. Bc8 Ne8 51. Bd7 Kf8 52. Nb5 Kf7 53. Bxe8+ Kxe8 54.
Bxb6 cxb6 55. c7 Bxc7 56. Nxc7+ Ke7 57. Na8 Kd7 58. Nxb6+ Kc7 59. Nc4 Ng6 60.
b5 Nf8 61. b6+ 1-0

[Event "Veteran-SM"]
[Site "Umeå, Sweden"]
[Date "2003.07.12"]
[Round "7"]
[White "Aldobasic, Ramiz"]
[Black "Marklund, Egon"]
[Result "0-1"]
[WhiteElo "2106"]
[BlackElo "2006"]
[PlyCount "58"]
[EventDate "2003.07.06"]
[SourceDate "2003.07.06"]

1. d4 Nf6 2. c4 e6 3. Nf3 d5 4. Bg5 Be7 5. Nc3 Nbd7 6. e3 c6 7. Bd3 h6 8. Bh4
b6 9. Rc1 Bb7 10. O-O O-O 11. Qe2 c5 12. Rfd1 Ne4 13. Bxe7 Qxe7 14. Bxe4 dxe4
15. Nd2 f5 16. Nf1 Nf6 17. dxc5 Qxc5 18. Nb5 Ba6 19. Nd4 Rae8 20. a3 Ng4 21. b4
Qc7 22. Qa2 Kh7 23. h3 Ne5 24. c5 Bxf1 25. Kxf1 Nd3 26. Nxe6 Rxe6 27. Rxd3 exd3
28. Qxe6 Qh2 29. Ke1 Qg1+ 0-1

[Event "Veteran-SM"]
[Site "Umeå, Sweden"]
[Date "2003.07.12"]
[Round "7"]
[White "Carlberg, Gunnar"]
[Black "Andersson, Bengt"]
[Result "1-0"]
[WhiteElo "2125"]
[BlackElo "1945"]
[PlyCount "43"]
[EventDate "2003.07.06"]
[SourceDate "2003.07.06"]

1. f4 d5 2. g3 c5 3. Bg2 Nf6 4. Nf3 g6 5. O-O Bg7 6. d3 O-O 7. c3 Nc6 8. Na3
Bd7 9. h3 Rc8 10. Qe1 Re8 11. Ne5 Be6 12. Nxc6 Rxc6 13. e4 h6 14. g4 dxe4 15.
dxe4 Rb6 16. f5 gxf5 17. gxf5 Bc8 18. Nc4 Ra6 19. e5 Nd5 20. Qg3 b5 21. f6 exf6
22. Bxh6 1-0

[Event "Veteran-SM"]
[Site "Umeå, Sweden"]
[Date "2003.07.12"]
[Round "7"]
[White "Westin, Bertil"]
[Black "Schön, Stig"]
[Result "0-1"]
[WhiteElo "1937"]
[BlackElo "2005"]
[PlyCount "82"]
[EventDate "2003.07.06"]
[SourceDate "2003.07.06"]

1. d4 Nf6 2. Nf3 e6 3. c4 b6 4. g3 Bb7 5. Bg2 Be7 6. Nc3 O-O 7. O-O Ne4 8. Qc2
Nxc3 9. Qxc3 d6 10. b4 Nd7 11. a4 c5 12. Bb2 Bf6 13. e3 Qc7 14. Qb3 a5 15. b5
Rac8 16. Rac1 Rfe8 17. Rfd1 Qb8 18. d5 exd5 19. cxd5 Qa8 20. Bxf6 Nxf6 21. Nh4
Re5 22. e4 Nxe4 23. Bxe4 Rxe4 24. Nf5 Qb8 25. Qa3 f6 26. f3 Re5 27. g4 Rce8 28.
f4 Re4 29. Qg3 Bc8 30. Nh4 Qc7 31. Ng2 Rxa4 32. f5 Ree4 33. h3 Qe7 34. Rd3 Bd7
35. Rc2 Bxb5 36. Rdd2 Ra1+ 37. Kh2 Bc4 38. Nf4 Qe5 39. Rf2 b5 40. g5 Ree1 41.
Qf3 fxg5 0-1

[Event "Veteran-SM"]
[Site "Umeå, Sweden"]
[Date "2003.07.12"]
[Round "7"]
[White "Agrest, Roman"]
[Black "Nyström, Ragnar"]
[Result "1-0"]
[WhiteElo "2004"]
[BlackElo "2035"]
[PlyCount "71"]
[EventDate "2003.07.06"]
[SourceDate "2003.07.06"]

1. b4 Nf6 2. Bb2 g6 3. e3 Bg7 4. c4 O-O 5. Nf3 d6 6. Nc3 e5 7. d4 Nbd7 8. Be2
Ne8 9. Qb3 a5 10. b5 Kh8 11. h4 Nef6 12. Ng5 c6 13. a4 Kg8 14. O-O-O exd4 15.
exd4 cxb5 16. Nxb5 d5 17. c5 Nb8 18. Kb1 Nc6 19. Qg3 Nb4 20. Nd6 Bd7 21. Bb5 b6
22. Rc1 bxc5 23. dxc5 Ne4 24. Ngxe4 Bxb2 25. Kxb2 dxe4 26. Ka3 Bc6 27. h5 Qf6
28. hxg6 hxg6 29. Qh4 Qxh4 30. Rxh4 Nd3 31. Bxc6 Nxc1 32. Bxa8 Rxa8 33. Rxe4
Kf8 34. c6 Rb8 35. Re3 Rb6 36. c7 1-0

[Event "Veteran-SM"]
[Site "Umeå, Sweden"]
[Date "2003.07.12"]
[Round "7"]
[White "Johansson, Per"]
[Black "Sandklef, Åke"]
[Result "1-0"]
[WhiteElo "2000"]
[BlackElo "1891"]
[PlyCount "65"]
[EventDate "2003.07.06"]
[SourceDate "2003.07.06"]

1. d4 d5 2. Nf3 Nf6 3. c4 c6 4. Nbd2 Bf5 5. Qb3 Qc7 6. g3 e6 7. Bg2 Be7 8. O-O
Nbd7 9. Nh4 Bg4 10. Re1 O-O 11. e4 Nxe4 12. Nxe4 dxe4 13. Rxe4 Nf6 14. Re1 Rfd8
15. h3 Bh5 16. Be3 Rd7 17. Nf3 Bxf3 18. Bxf3 Qa5 19. Qc2 Bd6 20. a3 e5 21. Qf5
Re8 22. Bg5 Rde7 23. Bxf6 gxf6 24. Be4 Re6 25. d5 Bc5 26. Qxh7+ Kf8 27. Qh6+
Ke7 28. dxe6 Qb6 29. Re2 Qb3 30. Kg2 Kxe6 31. Bf3 Ke7 32. Qh4 Bd4 33. Qxd4 1-0